| 000 | 00849nam a2200277 i 4500 | ||
|---|---|---|---|
| 001 | 000033677 | ||
| 003 | DO-SdBNP | ||
| 005 | 20240412074257.0 | ||
| 007 | ta | ||
| 008 | 090929s1947 dr a r 000 0 spa d | ||
| 040 |
_aDO-SdBNP _bspa _cBNPHU _erda |
||
| 082 |
_aRD861.44 _bA388c _222 |
||
| 100 | 1 |
_aAlfonseca, Ivan, _d1912- _eautor _923962 |
|
| 245 | 1 | 0 |
_aCanciones del mirador azul : _bpoesías / _cIvan Alfonseca. |
| 250 | _a2a edición | ||
| 264 |
_aCiudad Trujillo, República Dominicana : _bMontalvo, _c1947. |
||
| 300 |
_a120 paginas: _bilustraciones ; _c21 cm. |
||
| 336 |
_2rdacontent _atexto _btxt |
||
| 337 |
_2rdamedia _asin mediación _bn |
||
| 338 |
_2rdacarrier _avolumen _bnc |
||
| 590 | _aInvenmtariado, 2024 / DG | ||
| 650 | 0 |
_aPoesía dominicana _966 |
|
| 650 | 0 |
_aLiteratura dominicana. _967 |
|
| 910 | _aDG | ||
| 942 |
_2ddc _cLBS1 |
||
| 999 |
_c33168 _d33168 |
||